| 000 | 00601cam a2200181 a 4500 | ||
|---|---|---|---|
| 005 | 20260502155146.0 | ||
| 020 | _a9780670081561 | ||
| 041 | _aENG | ||
| 082 |
_a338.47669 _bMUK |
||
| 100 | 1 | _aMukherjee, Rudrangshu. | |
| 245 | 1 | 2 |
_aA century of trust : _bthe story of tata steel / _cRudrangshu Mukherjee. |
| 260 |
_aNew Delhi : _bPenguin, Portfolio , _c2008. |
||
| 300 |
_axi,154 pages : _billustrations ; _c24 cm. |
||
| 500 | _aIncludes statistics. | ||
| 504 | _aIncludes bibliographical references (p. [145]-147) and index. | ||
| 650 | 0 |
_aSteel Industry and trade _zIndia _xHistory. |
|
| 942 |
_2ddc _cBK |
||
| 999 |
_c24322 _d24322 |
||